000 01411nam a2200265 i 4500
003 CSPC
005 20240422162617.0
008 240326s2022 ii a b 001 0 eng d
020 _a9789390780044
040 _cCSPC
_aCSPC
_beng
_erda
082 0 4 _a330.9
_bC838
245 0 0 _aCOVID-19 lockdowns and basic needs in developing countries /
_cedited by K.S.S.N. Neelima, P. Hyma.
264 1 _aNew Delhi, India :
_bRandom Publications,
_c2022.
300 _aviii, 286 pages :
_billustrations ;
_c24 cm.
336 _2rdacontent
_atext
337 _2rdamedia
_aunmediated
338 _2rdacarrier
_avolume
504 _aIncludes bibliographical references and index.
505 0 _aIntroduction -- COVID-19 pandemic lockdowns -- COVID-19: developing countries in unprecedented debt situation -- COVID-19 pandemic lockdown in India -- COVID-19 pandemic lockdown in China -- Lockdowns in developing countries focus on shielding the elderly -- Impacts of COVID-19 on global tourism industry -- Reopening status in countries banned or restricted events -- The devastating consequences of coronavirus lockdowns in poor countries.
650 0 _aCOVID-19 (Disease)
_xEconomic aspects.
700 1 _aNeelima, K.S.S.N.,
_eeditor.
700 1 _aHyma, P.,
_eeditor.
942 _2ddc
_cBK
_h330.9
_iC838
_kNUR
_m2022
_n0
999 _c27307
_d27307